| 000 | 00532nam a2200193Ia 4500 | ||
|---|---|---|---|
| 008 | 180207s9999 xx 000 0 und d | ||
| 020 | _a9788131919842 | ||
| 050 | _bN218 2012 | ||
| 100 | _aNarang, Manmeet | ||
| 245 | 4 | _aThe magic of honesty / | |
| 245 | _cby Manmeet Narang ; illustrated by Suman S. Roy. | ||
| 260 | _aNew Delhi, India : | ||
| 260 | _bB. Jain Publishers, | ||
| 260 | _c2012 | ||
| 300 | _aunpaged : | ||
| 300 | _bcolor illustration ; | ||
| 300 | _c20cm. | ||
| 440 | _aThe magical world of Benny and Buzo. | ||
| 999 |
_c355723 _d355723 |
||